00774nam a22001937a 450000500170000000800410001702000180005804100080007608200190008411000450010324501100014826000530025830000640031150400280037565000500040365000420045365000400049565000450053520150909020002.0131112s2011 ck a gr 00010 spa d z97895883233980 aspa04a631.4098bI24e2 aInstituto Geográfico Agustín Codazzi10aEstudio general de suelos y zonificación de tierras, departamento del Chocó escala 1:100.000 / cIGAC aBogotábImprenta Nacional de Colombia, c2011. a330 p. : bil. ; c28 cm. + e1 CD-Rom + 2 mapas plegables. aIncluye bibliografía. 4aSuelosx Clasificaciónz Chocó (Colombia) 4aUso de la tierraz Chocó (Colombia) 4aClimatologíaz Chocó (Colombia) 4aQuímica de suelosz Chocó (Colombia)